| 000 | 01172nam a2200325 i 4500 | ||
|---|---|---|---|
| 001 | 198187 | ||
| 003 | ES-MaACL | ||
| 005 | 20260527213816.0 | ||
| 007 | ta | ||
| 008 | 260326s2023 sp a|||| |||| 001 0bspa d | ||
| 020 | _a9798351832784 | ||
| 040 |
_aES-MaACL _bspa _cES-MaACL _erda |
||
| 080 | _a929 Gómez, Manuel | ||
| 100 | 1 |
_4aut _4trl _9242949 _aKennedy, Charlotte _eaut _etrl |
|
| 245 | 1 | 0 |
_aManuel Gómez : _bel mejor clarinetista del mundo / _cCharlotte Kennedy |
| 250 | _aPrimera edición: septiembre 2023 | ||
| 264 | 1 |
_a[Madrid?] : _bAmazon, _c2023 |
|
| 264 | 3 |
_aPrinted in Italy, Torrazza Piemonte, _bAmazon Italia Logística, _c2023 |
|
| 264 | 4 | _a©2023 | |
| 300 |
_aXXV, 355 páginas : _bilustraciones (blanco y negro) ; _c23 cm |
||
| 336 |
_2rdacontent _aTexto |
||
| 337 |
_2rdamedia _asin mediación |
||
| 338 |
_2rdacarrier _avolumen |
||
| 504 | _aBibliografía: páginas 323-339. Índices | ||
| 600 | 4 |
_9242950 _aGómez, Manuel _d1859-1922 |
|
| 852 |
_aES-MaACL _cDEPO1 _jA-16060 _hDonación: Charlotte Kennedy _xEncuadernación rústica _9207162 |
||
| 942 |
_cMONOGRAFIA _n0 |
||
| 999 |
_c198187 _d198187 |
||